El poder de uno... es hacer algo (Registro nro. 8854)

Detalles MARC
000 -LEADER
fixed length control field 00398ngm a22001577a 4500
005 - DATE AND TIME OF LATEST TRANSACTION
control field 20170217161423.0
008 - FIXED-LENGTH DATA ELEMENTS--GENERAL INFORMATION
fixed length control field 160921b xxu||||| |||| 00| 0 spa d
041 ## - LANGUAGE CODE
Language code of text/sound track or separate title spa
082 ## - CLASIFICACIÓN
Clasificación 11 DVD
245 ## - TÍTULO
Title El poder de uno... es hacer algo
300 ## - PHYSICAL DESCRIPTION
Number of Pages 1 CD-ROM
500 ## - GENERAL NOTE
General note <br/>41 Cortes de televisión.
650 ## - SUBJECT ADDED ENTRY--TOPICAL TERM
Topical Term EDUCACIÓN AMBIENTAL
650 ## - SUBJECT ADDED ENTRY--TOPICAL TERM
Topical Term VIDA SILVESTRE
942 ## - ADDED ENTRY ELEMENTS (KOHA)
Koha item type DVD
Existencias
Withdrawn status Lost status Damaged status Not for loan Home library Current library Date acquired Total Checkouts Full call number Accession Number Date last seen Price effective from Koha item type
        Departamento de Biblioteca y Documentación Alfonso Chase Brenes Departamento de Biblioteca y Documentación Alfonso Chase Brenes 17/02/2017   11 DVD 11DVD 17/02/2017 17/02/2017 DVD